<?xml version="1.0" encoding="UTF-8"?>
<record
    xmlns:xsi="http://www.w3.org/2001/XMLSchema-instance"
    xsi:schemaLocation="http://www.loc.gov/MARC21/slim http://www.loc.gov/standards/marcxml/schema/MARC21slim.xsd"
    xmlns="http://www.loc.gov/MARC21/slim">

  <leader>00577nam a2200169Ia 4500</leader>
  <controlfield tag="008">230718s9999    xx            000 0 und d</controlfield>
  <datafield tag="020" ind1=" " ind2=" ">
    <subfield code="a">9780815370208</subfield>
  </datafield>
  <datafield tag="041" ind1=" " ind2=" ">
    <subfield code="a">eng</subfield>
  </datafield>
  <datafield tag="082" ind1=" " ind2=" ">
    <subfield code="a">616.075</subfield>
    <subfield code="b">YAL</subfield>
  </datafield>
  <datafield tag="100" ind1=" " ind2=" ">
    <subfield code="a">Yallup K. (Editor)</subfield>
    <subfield code="9">196728</subfield>
  </datafield>
  <datafield tag="245" ind1=" " ind2=" ">
    <subfield code="a">Sensors For Diagnostics And Monitoring</subfield>
    <subfield code="b">Devices,Circuits,&amp; Systems</subfield>
  </datafield>
  <datafield tag="260" ind1=" " ind2=" ">
    <subfield code="c">2019</subfield>
    <subfield code="b">CRC Press</subfield>
  </datafield>
  <datafield tag="300" ind1=" " ind2=" ">
    <subfield code="a">339</subfield>
    <subfield code="d">Ref 1765 E M.Tech.(61772)</subfield>
  </datafield>
  <datafield tag="365" ind1=" " ind2=" ">
    <subfield code="c">Rs.</subfield>
    <subfield code="b">10142.00</subfield>
  </datafield>
  <datafield tag="700" ind1=" " ind2=" ">
    <subfield code="a">Yallup K. (Editor); Basirico L. (Editor) &amp; Iniewski K. (Editor)</subfield>
    <subfield code="9">201793</subfield>
  </datafield>
  <datafield tag="906" ind1=" " ind2=" ">
    <subfield code="d">O:0672614-Nov-2019B:747803-Oct-2019</subfield>
    <subfield code="c">MTE</subfield>
    <subfield code="b">2535.5</subfield>
  </datafield>
  <datafield tag="999" ind1=" " ind2=" ">
    <subfield code="c">350565</subfield>
    <subfield code="d">350565</subfield>
  </datafield>
  <datafield tag="952" ind1=" " ind2=" ">
    <subfield code="0">0</subfield>
    <subfield code="1">0</subfield>
    <subfield code="2">ddc</subfield>
    <subfield code="3">Ref 1765 E (61772)</subfield>
    <subfield code="4">0</subfield>
    <subfield code="7">3</subfield>
    <subfield code="a">CCEP</subfield>
    <subfield code="b">CCEP</subfield>
    <subfield code="d">2019-11-11</subfield>
    <subfield code="e">Technical Book Services</subfield>
    <subfield code="f">MTE</subfield>
    <subfield code="g">7606.50</subfield>
    <subfield code="i">7478</subfield>
    <subfield code="o">616.075</subfield>
    <subfield code="p">CCEP-BK-61772</subfield>
    <subfield code="r">2023-07-18 00:00:00</subfield>
    <subfield code="t">2535.5</subfield>
    <subfield code="v">10142.00</subfield>
    <subfield code="w">2019-10-03</subfield>
    <subfield code="y">BK</subfield>
    <subfield code="z">061772</subfield>
  </datafield>
</record>
